000 00292nam a2200121 i 4500
001 bg
245 0 _aPolska zachodnia i północna.
260 _aPoznań - Warszawa :
_bWydaw. Zachodnie,
_c1961.
040 _cBPK
041 _apol
942 _cKS
008 s pl f |000 0 pol
999 _c27269
_d27269
856 _uhttp://koha.tu.koszalin.pl/cgi-bin/koha/opac-detail.pl?biblionumber=27269
_yKatalog online BPK